000 01304nam a22003737a 4500
003 CHAP
005 20220329141018.0
008 971013s1996 r 00010 d
010 _a61267
011 _a62239
035 _a66413
040 _cCHAP
090 _aTesis
100 0 0 _aHernández Ordóñez, Noel.
_954416
245 _aFuentes de fibra en la engorda de corderos con dietas a base de grano
260 _aChapingo, Méx. :
_bEl autor,
_c1996
300 _a81 h.
_b; gráfs.
502 _aTesis (Ing. Agr. Esp. en Zootecnia) -- UACH. Departamento de Zootecnia
590 _aALEPH
_b10
_c20130110
_lUCH01
_h1341
590 _aBATCH-UPD
_b10
_c20130110
_lUCH01
_h0559
590 _aBATCH-UPD
_b10
_c20130110
_lUCH01
_h2256
590 _aBATCH-UPD
_b10
_c20130410
_lUCH01
_h0240
590 _aBATCH-UPD
_b10
_c20130410
_lUCH01
_h1632
590 _aBATCH-UPD
_b10
_c20130914
_lUCH01
_h1513
590 _aCONVERSION
_b10
_c20130109
_lUCH01
_h1333
650 1 4 _aFibras vegetales en nutrición animal.
_940707
650 1 4 _aGanado lanar
_xAlimentación.
_945153
650 1 4 _aGanado lanar
_xEngorda.
_945175
700 0 _aOrozco Ruiz, Jorge.
_983700
901 _aBK
942 _cFOLL
949 _bBC
_cTES
_d-151595
_eTS1
_h29573
_i66413
_si
949 _bBC
_cTES
_d33724000623476
_eTS2
_fc.2
_h29574
_i66413
_si
999 _c61267
_d61267